Statistiques concernant QCM État Français.

Cliquez ici pour prendre le quiz!

Statistiques générales

  • Ce quiz a été pris 257 fois
    (180 depuis la dernière actualisation)
  • Le résultat moyen est 9 sur 15

Statistiques - réponses

QuestionRéponse% Correct
Quelle ville l'État Français choisit-il pour capitale?Vichy
93%
En quelle année le parlement appelle-t-il Pétain au pouvoir?1940
87%
Par quelle ville les forces franco-anglaises présentes sur le continent sont-elles évacuées?Dunkerque
79%
Qu'est-ce que le STO?Un service obligeant des ouvriers français à travailler en Allemagne
75%
Qu'est-ce que la Milice?Une organisation lié à l'EF traquant Juifs et résistants
73%
À quelle date Pétain signe-t-il l'armistice avec les Allemands?22 juin 1940
70%
Quel régime est mis en place à la Libération.Le Gouvernement Provisoire.
61%
À qui se sont ralliées la majorité des colonies françaises?La France Libre
58%
À quelle date a eu lieu la rafle du Vel d'Hiv.16 et 17 juillet 1942
57%
À quelle date les Alliés entrent-ils dans Paris?25 août 1944
48%
Sous quel prétexte?Les Américains ont débarqués en Afrique du Nord
47%
À quelle date les Allemands envahissent-ils le zone libre?Novembre 1942
45%
Quelle est la première région française à être totalement libérée?la Corse
31%
Quelle est la situation de la France métropolitaine géographiquement suite à l'armistice.4 zones(1zone annexée, 2 zones occupées(Italiens Allemands), zone libre)
18%
Quels territoires encore sous la domination de l'EF sont récupérées par les Alliés en juin 1941?La Syrie et le Liban
13%

Distribution des résultats

Percentile par nombre de réponses

% des personnes avec chaque résultat

Votre développement - résultats

Vous n’avez pas pris ce quiz depuis la dernière actualisation